BİZE GÖRE FRANKFURT SEYAHATNAMESİ (Record no. 909950)

MARC details
000 -LEADER
sabit uzunluktaki kontrol alanı 00260nam a2200097Ia 4500
001 - KONTROL NUMARASI
kontrol alanı 909950
005 - EN SON İŞLEMİN TARİH VE ZAMANI
kontrol alanı 20250826185651.0
008 - SABİT-UZUNLUKTA VERİ ÖĞELERİ--GENEL BİLGİ
sabit uzunluktaki kontrol alanı 250824s9999 xx 000 0 und d
245 #0 - ESER / YAZAR
ESER ADI BİZE GÖRE FRANKFURT SEYAHATNAMESİ
Yazar Adı AHMET HAŞİM
260 ## - YAYIN, DAĞITIM, VB.
YAYIN EVİ ANONİM YAYINLARI
Holdings
Düşüm durumu Kayıp durumu Hasar Durumu Ödünç verilmez Ana kütüphane Geçerli Kütüphane Edinilen tarih Toplam ödünç verme sayısı Barkod Son görüntüleme tarihi Fiyatın geçerli olmaya başladığı tarih Koha materyal türü
        ŞEMS-İ TEBRİZİ ANADOLU İMAM HATİP LİSESİ ŞEMS-İ TEBRİZİ ANADOLU İMAM HATİP LİSESİ 24.08.2025   10675930 26.08.2025 26.08.2025 Books